Quick Pick: Fear The Walking Dead Season 3 Quiz Stats

 Plays Quiz not verified by Sporcle

Score 0/10 Timer 01:00
0 Plays Today
% Correct
Alicia Clark
97.1%
Madison Clark
94.1%
Nick Clark
91.2%
Travis Manawa
85.3%
Troy Otto
82.4%
Luciana Galvez
79.4%
Ofelia Salazar
76.5%
Qaletaqa Walker
70.6%
Cooper
47.1%
Elena Reyes
44.1%

You're not logged in!

Compare scores with friends on all Sporcle quizzes.
OR
Log In

Sporcle TV

Today on Sporcle TV


Watch our educational content, quiz creation guides, and fun videos on Sporcle TV.

Show Comments

Extras

Top Quizzes Today


Score Distribution

Your Account Isn't Verified!

In order to create a playlist on Sporcle, you need to verify the email address you used during registration. Go to your Sporcle Settings to finish the process.

Report this User

Report this user for behavior that violates our Community Guidelines.

Details: